000
00338nam a2200133Ia 4500
008
240624s9999 xx 000 0 und d
041
_a
eng
082
_a
346.096 TAX
100
_a
TAXMANN
245
_a
GUIDE TO NEGOTIABLE INSTRUMENTS ACT
260
_c
2003
_a
New Delhi
_b
Taxmann
300
_a
I-19, : 236 : p. : cm. ; 24
365
_c
RS
_b
20
999
_c
5663
_d
5663